00633nam a2200205Ia 4500003000400000008004100004020001500045040001600060082001800076100002800094245007100122250001700193260007000210300002400280490000500304650002800309650003000337650003000367650003000397GCL140319s9999 xx 000 0 ara d a9048422977 aGCL / cGCL04a813.02bل ش1 aلطيفة الزيات10aالشيخوخة : bوقصص اخرى / cلطيفة الزيات aالاولى aالقاهرة : bدار المستقبل العربى ، c1986 a108 ص ؛ c18 سم a04aالادب العربى04aالقصص العربية04aالقصص القصيرة04aالقصة العربية